Town of Salem Roles by Clue - Statistics

General Stats
  • This quiz has been taken 170 times
  • The average score is 25 of 30
Answer Stats
Clue Role % Correct
If you catch the Serial Killer, you'd better execute him or you're going to die. Jailor
98%
"Your target is not suspicious." Sheriff
98%
Your good looks will distract any target... Except for the Serial Killer or the Veteran. Escort
97%
Your abilities to switch two people's locations can either be the Town's greatest weapon, or their worst nightmare. Transporter
96%
Once you've been lynched, NOTHING can block your terrifying haunt attack. Jester
95%
He camps outside the house to gather information. Lookout
95%
Observing people grants you a HINT to their role as well as 2-3 possibilities as to what their role actually is. Investigator
92%
Once you've exposed yourself, Doctors cannot heal you. Mayor
89%
If this role has targeted you, it is customary to spam the Vote buttons to alert the Town that you cannot speak. Blackmailer
88%
You can observe what the mafia says and who they visit at night. Spy
87%
The Mafia's Escort. Consort
86%
If the head of the Mafia dies, you will take over. Mafioso
86%
Unique role that can revive 1 Town member per game. Retributionist
86%
Use your bullets wisely, otherwise you'll kill yourself out of guilt. Vigilante
86%
If your target is attacked, you will nurse them back to health. Doctor
85%
Get your target lynched at any cost. Executioner
85%
Head of the Mafia. Godfather
85%
Your night attack can wipe out half a game in one single night, including night immune roles. Arsonist
82%
Your targets will appear as mafia when investigated. Framer
82%
Your job is to destroy the evidence. Janitor
82%
When it's your time to attack, you will kill everyone in the house. Werewolf
81%
Pick a dead role, and fulfill that role's goal. Amnesiac
80%
If you use your night ability, you will kill anyone who visits you: Town, Mafia, or Neutral. Veteran
80%
You will kill the first person to attack your target; both you and the attacker will be killed. BodyGuard
77%
Unlike your Town counterpart, your investigation will result in the definite role of your target. Consigliere
77%
The most widely hated role; if you wish to be left alone, declare your role on Day 1. Survivor
76%
All you need to do is live to see the Town lose. Witch
76%
In a standoff between you and the Godfather, you will win by default. However, in a standoff with the Arsonist, you will lose by default. Serial Killer
75%
Steal the name of another player; best synergized with the Janitor. Disguiser
74%
Beware the curse of the ______. Medium
66%
No matching quizzes found
Score Distribution
Percent of People with Each Score
Percentile by Number Answered
Your Score History
You have not taken this quiz